LEADER 00860nam0 2200277 450 001 000026356 005 20090714094835.0 010 $a978-2-7427-3535-8 100 $a20090714d1999----km-y0itaa50------ba 101 0 $afre 102 $aFR 200 1 $aProdige$epolyphonie$fNancy Huston 210 $a[Arles]$cActes sud$dc1999 215 $a172 .$d18 cm 225 2 $aBabel$v515 410 0$12001$aBabel$v515 676 $a843$v(21. ed.)$9Narrativa francese 700 1$aHuston,$bNancy$0443559 801 0$aIT$bUniversità della Basilicata - B.I.A.$gRICA$2unimarc 912 $a000026356 996 $aProdige$990418 997 $aUNIBAS BAS $aLETTERE CAT $aMDL$b30$c20090714$lBAS01$h0948 FMT Z30 -1$lBAS01$LBAS01$mBOOK$1BASA1$APolo Storico-Umanistico$2DID$BDidattica$3FP/108117$6108117$5L108117$820090714$f04$FPrestabile Didattica